000 00977 a2200265 4500
005 20081013150556.0
008 081013t xxu||||| |||| 00| 0 eng d
010 _aENG-91876
020 _c225.00
035 _aEN-75409
037 _bDBAD / PUB
040 _adpl
_bEnglish
082 _a574.1925
100 _aKulkarni, N.S.
245 _aGeneral enzymology /
_cby N.S. Kulkarni [and] M.S. Deshpande
260 _aNew Delhi
_bHimalaya Publishing House
_c2007
270 _aPooja Apartments, 4-=B, Murari Lal Street, Ansari Raod, Daryaganj,
_bNew Delhi
_e110002
300 _a329p.:
_c26 cm ( pbk.)
_bill.
500 _aIncludes appendix
650 _aEnzymes.
700 _aDeshpande, M.S.
700 _aRamana, W.D. V.
942 _adpl
_cEN
_2ddc
_mKUL
_h574.1925
999 _c19216
_d19216